Human aspects of urban form: towards a man-environment approach to urban form and design (Record no. 76214)

MARC details
000 -LEADER
fixed length control field 00794nam a2200181 a 4500
008 - FIXED-LENGTH DATA ELEMENTS--GENERAL INFORMATION
fixed length control field 120416s1977 ||||||||||||||||| || u
020 ## - INTERNATIONAL STANDARD BOOK NUMBER
International Standard Book Number 0080179746
050 ## - LIBRARY OF CONGRESS CALL NUMBER
Classification number HT 166 Rap
100 ## - MAIN ENTRY--PERSONAL NAME
Personal name Rapoport, Amos
245 10 - TITLE STATEMENT
Title Human aspects of urban form: towards a man-environment approach to urban form and design
260 ## - PUBLICATION, DISTRIBUTION, ETC.
Place of publication, distribution, etc. Oxford:
Name of publisher, distributor, etc. Pergamon
Date of publication, distribution, etc. 1977
300 ## - PHYSICAL DESCRIPTION
Extent viii, 438 pages : illustrations
350 ## -
-- 0.00
650 ## - SUBJECT ADDED ENTRY--TOPICAL TERM
Topical term or geographic name entry element GEOGRAPHICAL PERCEPTION
650 #0 - SUBJECT ADDED ENTRY--TOPICAL TERM
Topical term or geographic name entry element CITY PLANNING
995 ## -
-- MAIN LIBRARY OPEN ACCESS
-- 0.00
-- 008312
-- CBU-MAIN LIBRARY (Kitwe)
-- 1
-- 21.00
-- HT 166 Rap
-- AVAILABLE
-- 008312
-- Main Library Open Access Collection
995 ## -
-- TEXTBOOKS (SBE)
-- 0.00
-- 5448
-- CBU-SCHOOL TEXTBOOK COLLECTIONS
-- 1
-- 0.00
-- SCHOOL TEXTBOOK
-- 2
-- AVAILABLE
-- Sep 9, 2009
-- 5448
-- School Collections
999 ## -
-- 76214
-- 76214
Holdings
Withdrawn status Lost status Source of classification or shelving scheme Damaged status Not for loan Permanent Location Current Location Shelving location Date acquired Total Checkouts Full call number Barcode Date last seen Copy number Price effective from Koha item type
          CBU-MAIN LIBRARY, KITWE. CBU-MAIN LIBRARY, KITWE.   04/25/2023   HT 166 Rap 008312 04/25/2023 1 04/25/2023 MONOGRAPH
          CBU-MAIN LIBRARY, KITWE. CBU-MAIN LIBRARY, KITWE.   04/25/2023   SCHOOL TEXTBOOK 5448 04/25/2023 2 04/25/2023 MONOGRAPH